The molecules of nature : (Record no. 2081)
[ view plain ]
| 000 -LEADER | |
|---|---|
| fixed length control field | 00507nam a2200145 4500 |
| 020 ## - INTERNATIONAL STANDARD BOOK NUMBER | |
| International Standard Book Number | 0805338004 |
| -- | 0805338020 (pbk.) |
| 050 00 - LIBRARY OF CONGRESS CALL NUMBER | |
| Classification number | QD415 |
| Item number | .H38 |
| 100 1# - MAIN ENTRY--PERSONAL NAME | |
| Personal name | Hendrickson, James B. |
| Dates associated with a name | 1928- |
| 245 14 - TITLE STATEMENT | |
| Title | The molecules of nature : |
| Remainder of title | a survey of the biosynthesis and chemistry of natural products / |
| Statement of responsibility, etc. | [by] James B. Hendrickson. |
| 260 ## - PUBLICATION, DISTRIBUTION, ETC. (IMPRINT) | |
| Place of publication, distribution, etc. | Reading, Mass. [USA] : |
| Name of publisher, distributor, etc. | W. A. Benjamin Inc., |
| Date of publication, distribution, etc. | c1965. |
| 300 ## - PHYSICAL DESCRIPTION | |
| Extent | xiii, 189 p. |
| 500 ## - GENERAL NOTE | |
| General note | includes index |
| 650 ## - SUBJECT ADDED ENTRY--TOPICAL TERM | |
| Topical term following geographic name as entry element | Natural products ; |
| -- | Biosynthesis |
| 942 ## - ADDED ENTRY ELEMENTS (KOHA) | |
| Koha item type | General circulation |
| Withdrawn status | Lost status | Source of classification or shelving scheme | Damaged status | Not for loan | Home library | Current library | Date acquired | Cost, normal purchase price | Serial Enumeration / chronology | Total Checkouts | Full call number | Barcode | Date last seen | Copy number | Cost, replacement price | Koha item type | Public note |
|---|---|---|---|---|---|---|---|---|---|---|---|---|---|---|---|---|---|
| Library of Congress Classification | Main Campus Library | Main Campus Library | 27/08/2014 | 1200.00 | Organic Chemistry Series | QD415 .H38 | 2016/012185 | 27/08/2014 | C1 | 1700.00 | General circulation | jm | |||||
| Library of Congress Classification | Main Campus Library | Main Campus Library | 29/08/2014 | 1200.00 | Organic Chemistry Series | QD415 .H38 | 2019/022535 | 29/08/2014 | C2 | 1700.00 | General circulation | Nzk |